The central legislature in British India, 1921-1947 / (Record no. 67362)

MARC details
000 -LEADER
fixed length control field 00918cam a22002531a 4500
001 - CONTROL NUMBER
control field sa 66000645
003 - CONTROL NUMBER IDENTIFIER
control field DLC
005 - DATE AND TIME OF LATEST TRANSACTION
control field 20260227112216.0
008 - FIXED-LENGTH DATA ELEMENTS--GENERAL INFORMATION
fixed length control field 850212s1965 ii b 001 0 eng
010 ## - LIBRARY OF CONGRESS CONTROL NUMBER
LC control number sa 66000645
035 ## - SYSTEM CONTROL NUMBER
System control number (OCoLC)11687892
040 ## - CATALOGING SOURCE
Original cataloging agency DLC
Transcribing agency ScGF
Modifying agency DLC
042 ## - AUTHENTICATION CODE
Authentication code premarc
050 00 - LIBRARY OF CONGRESS CALL NUMBER
Classification number JQ254
Item number .R3
100 1# - MAIN ENTRY--PERSONAL NAME
Personal name Rashiduzzaman, M.
245 14 - TITLE STATEMENT
Title The central legislature in British India, 1921-1947 /
Statement of responsibility, etc. by M. Rashiduzzaman.
260 ## - PUBLICATION, DISTRIBUTION, ETC.
Place of publication, distribution, etc. Dacca :
Name of publisher, distributor, etc. Mullick Brothers,
Date of publication, distribution, etc. 1965.
300 ## - PHYSICAL DESCRIPTION
Extent xiv, 282 p. :
Dimensions 23 cm.
502 ## - DISSERTATION NOTE
Dissertation note Thesis (Ph. D.)--University of Durham.
500 ## - GENERAL NOTE
General note "Thesis approved for the degree of Doctor of Philosophy by the University of Durham and chosen co-winner of the Gilbert Campion Award by the Hansard Society for Parliamentary Government."
504 ## - BIBLIOGRAPHY, ETC. NOTE
Bibliography, etc. note Bibliography: p. [270]-277.
500 ## - GENERAL NOTE
General note Includes index.
651 #0 - SUBJECT ADDED ENTRY--GEOGRAPHIC NAME
Geographic name India
General subdivision Politics and government.

No items available.

Powered by Koha